000 00599nam a22001937a 4500
999 _c172051
_d172051
005 20200127104143.0
010 _aB-731167
020 _a9789382025764
_c295.00
035 _aB-731167
037 _aDPL
_bPigeon
082 _a650.1
100 _aBennett, Arnold
245 _aHow to live on 24 hours a day /
_bby Arnold Bennett
260 _aNew Delhi
_bPigeon Books India
_c2017
270 _a16, Ansari Road,Daryaganj,
_bNew Delhi
_e110002
300 _a69p.
_b21cm(Hb)
942 _2ddc
_cEN
_h650.1
_mBEN